000 00226nam a22000857a 4500
008 160624b xxu||||| |||| 00| 0 eng d
100 _91073
_aLewis, B
245 _aThe Double Dabble Surprise
260 _aMinnesota
_bBethaN.Y House
_c1933
999 _c859
_d859